Fast money - Statistics

General Stats
  • This quiz has been taken 3 times
    2 since last reset
  • The average score is 3 of 27
Answer Stats
Answers % Correct
Football
100%
Basketball
50%
Dwayne "The Rock" Johnson
50%
Volleyball
50%
Alohi
0%
Destiny
0%
Dinah Jane
0%
Fiji
0%
Hawaii
0%
Hei Hei
0%
Iam Tongi
0%
Jason Mamoa
0%
J Boog
0%
Jonah
0%
Maui
0%
Mia
0%
Moana
0%
New Zealand/ Aoteroa
0%
Nick
0%
Pua
0%
Rugby
0%
Samoa
0%
Tama
0%
Tefiti
0%
Tonga
0%
Tupuivao
0%
Wrestling
0%
No matching quizzes found
Score Distribution
Percent of People with Each Score
Percentile by Number Answered
Your Score History
You have not taken this quiz since the last reset